<?xml version="1.0" encoding="UTF-8"?>
<collection xmlns="http://www.loc.gov/MARC21/slim">
 <record>
  <leader>02371nam a2200601   4500</leader>
  <controlfield tag="001">DLU050047855</controlfield>
  <controlfield tag="005">##20041130162853.0</controlfield>
  <controlfield tag="008">##910620d19912003dcuar0    s   0   a0eng d</controlfield>
  <datafield tag="010" ind1="#" ind2="#">
   <subfield code="a">   91644001 </subfield>
   <subfield code="z">sn 91000328 </subfield>
  </datafield>
  <datafield tag="022" ind1="#" ind2="#">
   <subfield code="a">1014-8906</subfield>
  </datafield>
  <datafield tag="035" ind1="#" ind2="#">
   <subfield code="a">(OCoLC)ocm23959250 </subfield>
  </datafield>
  <datafield tag="037" ind1="#" ind2="#">
   <subfield code="b">World Bank, 1818 H Street N.W., Room T8075x, Washington, DC 20433</subfield>
  </datafield>
  <datafield tag="040" ind1="#" ind2="#">
   <subfield code="a">NSDP</subfield>
   <subfield code="c">NSDP</subfield>
   <subfield code="d">DLC</subfield>
   <subfield code="d">MH</subfield>
   <subfield code="d">WaU</subfield>
   <subfield code="d">MH</subfield>
   <subfield code="d">InU</subfield>
   <subfield code="d">MCM</subfield>
   <subfield code="d">NST</subfield>
   <subfield code="d">GU</subfield>
   <subfield code="d">NIC</subfield>
   <subfield code="d">DLC</subfield>
   <subfield code="d">DNAL</subfield>
   <subfield code="d">MiU</subfield>
   <subfield code="d">MCM</subfield>
   <subfield code="d">MH</subfield>
   <subfield code="d">MUQ</subfield>
   <subfield code="d">OCoLC</subfield>
   <subfield code="d">HkUST</subfield>
   <subfield code="d">MCM</subfield>
   <subfield code="d">OCoLC</subfield>
   <subfield code="d">DLC</subfield>
  </datafield>
  <datafield tag="042" ind1="#" ind2="#">
   <subfield code="a">lc</subfield>
   <subfield code="a">nsdp</subfield>
  </datafield>
  <datafield tag="043" ind1="#" ind2="#">
   <subfield code="a">d------</subfield>
  </datafield>
  <datafield tag="050" ind1="#" ind2="#">
   <subfield code="a">HC59.69</subfield>
   <subfield code="b">.G58</subfield>
  </datafield>
  <datafield tag="070" ind1="#" ind2="#">
   <subfield code="a">HC59.69.G58</subfield>
  </datafield>
  <datafield tag="072" ind1="#" ind2="#">
   <subfield code="a">X700</subfield>
  </datafield>
  <datafield tag="082" ind1="#" ind2="#">
   <subfield code="a">330.9172/4</subfield>
   <subfield code="2">20</subfield>
  </datafield>
  <datafield tag="210" ind1="#" ind2="#">
   <subfield code="a">Global econ. prospects dev. ctries.</subfield>
  </datafield>
  <datafield tag="222" ind1="#" ind2="#">
   <subfield code="a">Global economic prospects and the developing countries</subfield>
  </datafield>
  <datafield tag="245" ind1="#" ind2="#">
   <subfield code="a">Global economic prospects and the developing countries.</subfield>
  </datafield>
  <datafield tag="260" ind1="#" ind2="#">
   <subfield code="a">Washington, D.C. :</subfield>
   <subfield code="b">World Bank,</subfield>
   <subfield code="c">1991-2003.</subfield>
  </datafield>
  <datafield tag="300" ind1="#" ind2="#">
   <subfield code="a">13 v. :</subfield>
   <subfield code="b">ill. ;</subfield>
   <subfield code="c">28 cm.</subfield>
  </datafield>
  <datafield tag="310" ind1="#" ind2="#">
   <subfield code="a">Annual</subfield>
  </datafield>
  <datafield tag="362" ind1="#" ind2="#">
   <subfield code="a">May 1991-2003.</subfield>
  </datafield>
  <datafield tag="500" ind1="#" ind2="#">
   <subfield code="a">Some issues also have a distinctive title.</subfield>
  </datafield>
  <datafield tag="530" ind1="#" ind2="#">
   <subfield code="a">Also available online via the World Wide Web, beginning &lt;1995&gt;; online version available in HTML and PDF format.</subfield>
  </datafield>
  <datafield tag="650" ind1="#" ind2="#">
   <subfield code="a">Economic forecasting</subfield>
   <subfield code="v">Periodicals.</subfield>
  </datafield>
  <datafield tag="650" ind1="#" ind2="#">
   <subfield code="a">Economic forecasting</subfield>
   <subfield code="z">Developing countries</subfield>
   <subfield code="v">Periodicals.</subfield>
  </datafield>
  <datafield tag="650" ind1="#" ind2="#">
   <subfield code="a">Economic history</subfield>
   <subfield code="y">1971-1990</subfield>
   <subfield code="v">Periodicals.</subfield>
  </datafield>
  <datafield tag="650" ind1="#" ind2="#">
   <subfield code="a">Economic history</subfield>
   <subfield code="y">1990-</subfield>
   <subfield code="v">Periodicals.</subfield>
  </datafield>
  <datafield tag="650" ind1="#" ind2="#">
   <subfield code="a">International economic relations</subfield>
   <subfield code="v">Periodicals.</subfield>
  </datafield>
  <datafield tag="650" ind1="#" ind2="#">
   <subfield code="a">Histoire conomique</subfield>
   <subfield code="y">1971-1990</subfield>
   <subfield code="v">Priodiques.</subfield>
  </datafield>
  <datafield tag="650" ind1="#" ind2="#">
   <subfield code="a">Histoire conomique</subfield>
   <subfield code="y">1990-</subfield>
   <subfield code="v">Priodiques.</subfield>
  </datafield>
  <datafield tag="650" ind1="#" ind2="#">
   <subfield code="a">Prvision conomique</subfield>
   <subfield code="v">Priodiques.</subfield>
  </datafield>
  <datafield tag="650" ind1="#" ind2="#">
   <subfield code="a">Prvision conomique</subfield>
   <subfield code="z">Pays en voie de dveloppement</subfield>
   <subfield code="v">Priodiques.</subfield>
  </datafield>
  <datafield tag="650" ind1="#" ind2="#">
   <subfield code="a">Relations conomiques internationales</subfield>
   <subfield code="v">Priodiques.</subfield>
  </datafield>
  <datafield tag="651" ind1="#" ind2="#">
   <subfield code="a">Developing countries</subfield>
   <subfield code="x">Economic conditions</subfield>
   <subfield code="v">Periodicals.</subfield>
  </datafield>
  <datafield tag="651" ind1="#" ind2="#">
   <subfield code="a">Pays en voie de dveloppement</subfield>
   <subfield code="x">Conditions conomiques</subfield>
   <subfield code="v">Priodiques.</subfield>
  </datafield>
  <datafield tag="710" ind1="#" ind2="#">
   <subfield code="a">World Bank.</subfield>
  </datafield>
  <datafield tag="785" ind1="#" ind2="#">
   <subfield code="t">Global economic prospects</subfield>
   <subfield code="w">(DLC)  2003242182</subfield>
   <subfield code="w">(OCoLC)53074988</subfield>
  </datafield>
  <datafield tag="850" ind1="#" ind2="#">
   <subfield code="a">CU-Riv</subfield>
   <subfield code="a">CoU</subfield>
   <subfield code="a">DLC</subfield>
   <subfield code="a">DNAL</subfield>
   <subfield code="a">GU</subfield>
   <subfield code="a">InU</subfield>
   <subfield code="a">MH-BA</subfield>
   <subfield code="a">MH-KG</subfield>
   <subfield code="a">MiU</subfield>
   <subfield code="a">NIC</subfield>
   <subfield code="a">NN</subfield>
   <subfield code="a">WaU</subfield>
  </datafield>
  <datafield tag="852" ind1="#" ind2="#">
   <subfield code="x">universal pattern</subfield>
  </datafield>
  <datafield tag="853" ind1="#" ind2="#">
   <subfield code="8">1</subfield>
   <subfield code="a">(year)</subfield>
   <subfield code="w">a</subfield>
  </datafield>
  <datafield tag="863" ind1="#" ind2="#">
   <subfield code="8">1</subfield>
   <subfield code="a">&lt;1991&gt;-</subfield>
   <subfield code="x">provisional</subfield>
  </datafield>
  <datafield tag="994" ind1="#" ind2="#">
   <subfield code="a">DLU</subfield>
  </datafield>
  <datafield tag="900" ind1="#" ind2="#">
   <subfield code="a">True</subfield>
  </datafield>
  <datafield tag="925" ind1="#" ind2="#">
   <subfield code="a">G</subfield>
  </datafield>
  <datafield tag="926" ind1="#" ind2="#">
   <subfield code="a">A</subfield>
  </datafield>
  <datafield tag="927" ind1="#" ind2="#">
   <subfield code="a">SH</subfield>
  </datafield>
  <datafield tag="980" ind1="#" ind2="#">
   <subfield code="a">Thư viện Trường Đại học Đà Lạt</subfield>
  </datafield>
 </record>
</collection>
